{"text_format":"3","workbook":"xlsx","n_sheets":1,"sheets":["Предмет"],"not_rendered":{"defined_names":8},"read":"whole","date_system":"1900"}

{"sheet":"Предмет","index":0,"n_rows":51,"n_cols":14,"rows_kept":51}
["№","Фамилия","Имя","Отчество","Пол","Участник с ОВЗ","Класс","Класс участия","Балл","Макс. Балл","Статус","Призер МЭ прошлого года","Учитель","Место работы учителя"]
[1,3,4,5,6,8,9,10,11,12,13,14,15,16]
[1,"Бикмухаметов","Нияз","Русланович","м",null,3,4,2,8,"участник",null,"Касимова Ч.Ф.","Татарская гимназия №15"]
[2,"Шермонов","Абдурахмон","Шавкатович","м",null,3,4,0,8,"участник",null,"Касимова Ч.Ф.","Татарская гимназия №15"]
[3,"Айнетдинов","Альберт ","Ильфарович ","м",null,4,4,2,8,"участник",null,"Набиуллина А.Р.","Татарская гимназия №15"]
[4,"Зиннатов ","Адель","Ильнурович","м",null,4,4,6,8,"победитель",null,"Рахимова А.В.","Татарская гимназия №15"]
[5,"Галимова","Азалия","Азатовна","ж",null,4,4,1,8,"участник",null,"Рахимова А.В.","Татарская гимназия №15"]
[6,"Гильметдинов","Алим","Айратович","м",null,4,4,1,8,"участник",null,"Набиуллина А.Р.","Татарская гимназия №15"]
[7,"Рахимов","Амирхан","Рамисович","м",null,4,4,1,8,"участник",null,"Рахимова А.В.","Татарская гимназия №15"]
[8,"Шайдуллов","эмир ","Ильдусович","м",null,4,4,0,8,"участник",null,"Рахимова А.В.","Татарская гимназия №15"]
[9,"Юзеев","Арсен","Валерьевич ","м",null,3,4,1,8,"участник",null,"Касимова Ч.Ф.","Татарская гимназия №15"]
[10,"Румянцев","Марк","Ростиславович ","м",null,3,4,2,8,"участник",null,"Касимова Ч.Ф.","Татарская гимназия №15"]
[11,"Гайнутдинов","Камиль","Раилевич","м",null,3,4,1,8,"участник",null,"Касимова Ч.Ф.","Татарская гимназия №15"]
[12,"Хуснутдинов ","Алмаз","Рустамович","м",null,4,4,2,8,"участник",null,"Набиуллина А.Р.","Татарская гимназия №15"]
[13,"Хайрутдинова","Рианна","Айратовна","ж",null,5,5,0,8,"участник",null,"Реутова Л.Р.","Татарская гимназия №15"]
[14,"Фауаз","Ларин",null,"ж",null,5,5,0,8,"участник",null,"Реутова Л.Р.","Татарская гимназия №15"]
[15,"Лошак","Ульяна","Максимовна ","ж",null,5,5,1,8,"участник",null,"Реутова Л.Р.","Татарская гимназия №15"]
[16,"Шайхутдинов ","Реналь","марселевич","м",null,5,5,1,8,"участник",null,"Реутова Л.Р.","Татарская гимназия №15"]
[17,"Гаязова","Алия","Гумеровна","ж",null,5,5,0,8,"участник",null,"Реутова Л.Р.","Татарская гимназия №15"]
[18,"Шарафиева ","Ясмина","Ильгизовна","ж",null,5,5,0,8,"участник",null,"Реутова Л.Р.","Татарская гимназия №15"]
[19,"Тараканова","Агния","Александровна","ж",null,5,5,0,8,"участник",null,"Реутова Л.Р.","Татарская гимназия №15"]
[20,"Бумбуль","Ульяна","Игнатьевна","ж",null,5,5,0,8,"участник",null,"Реутова Л.Р.","Татарская гимназия №15"]
[21,"Мухаметов","Раден","Рафаэлевич","м",null,5,5,1,8,"участник",null,"Реутова Л.Р.","Татарская гимназия №15"]
[22,"Юзеев","Яков ","Иванович","м",null,6,6,1,8,"участник",null,"Кириллова Е.А.","Татарская гимназия №15"]
[23,"Козина","Аэлита","Денисовна","Ж",null,6,6,0,8,"участник",null,"Кириллова Е.А.","Татарская гимназия №15"]
[24,"Минхайдаров","Руслан ","Ринатович","м",null,6,6,5,8,"победитель",null,"Кириллова Е.А.","Татарская гимназия №15"]
[25,"Галиуллина","Камилла","Ильнуровна","ж",null,6,6,4,8,"призер",null,"Кириллова Е.А.","Татарская гимназия №15"]
[26,"Ахметзянова","Алина","Айратовна","ж",null,6,6,0,8,"участник",null,"Реутова Л.Р.","Татарская гимназия №15"]
[27,"Фасахова ","Дина","Аделевна","ж",null,6,6,1,8,"участник",null,"Реутова Л.Р.","Татарская гимназия №15"]
[28,"Фасахова","Аида","Аделевна","ж",null,6,6,0,8,"участник",null,"Реутова Л.Р.","Татарская гимназия №15"]
[29,"Георгиева","Василиса","Алексеевна ","ж",null,6,6,0,8,"участник",null,"Реутова Л.Р.","Татарская гимназия №15"]
[30,"Иванов","Эрнест","Альбертович ","м",null,7,7,2,8,"участник",null,"Реутова Л.Р.","Татарская гимназия №15"]
[31,"Насыров","Адель","Ильшатович","м",null,7,7,2,8,"участник",null,"Реутова Л.Р.","Татарская гимназия №15"]
[32,"Чапаев","Амир","Руфатович","м",null,7,7,2,8,"участник",null,"Реутова Л.Р.","Татарская гимназия №15"]
[33,"Мазитов","Нурислам","Рустемович","м",null,7,7,4,8,"призер",null,"Галеева Р.Д.","Татарская гимназия №15"]
[34,"Даутов","Марат","Дамирович","м",null,7,7,5,8,"призер",null,"Галеева Р.Д.","Татарская гимназия №15"]
[35,"Сабирова","Сабина","Маратовна","ж",null,7,7,8,8,"победитель",null,"Галеева Р.Д.","Татарская гимназия №15"]
[36,"Макатин","Камиль","Ильдарович","м",null,7,7,8,8,"победитель",null,"Галеева Р.Д.","Татарская гимназия №15"]
[37,"Алимджанов","Абдуллох ","Фархадович","м",null,8,8,1,8,"участник",null,"Галеева Р.Д.","Татарская гимназия №15"]
[38,"Шакуров","Айрат ","Ленарович","м",null,8,8,3,8,"участник",null,"Галеева Р.Д.","Татарская гимназия №15"]
[39,"Саломова","Сабзина ","Хушбахтовнв","ж",null,8,8,0,8,"участник",null,"Галеева Р.Д.","Татарская гимназия №15"]
[40,"Исмагилов","Ильшат","Ильнарович","м",null,8,8,2,8,"участник",null,"Галеева Р.Д.","Татарская гимназия №15"]
[41,"Зиннатов","Арсен","Ильнурович","м",null,9,9,6,8,"победитель",null,"Кириллова Е.А.","Татарская гимназия №15"]
[42,"Низамова","Камиля","Ильшатовна ","ж",null,9,9,3,8,"участник",null,"Кириллова Е.А.","Татарская гимназия №15"]
[43,"Рощина","Ралина","Александровна","ж",null,9,9,0,8,"участник",null,"Кириллова Е.А.","Татарская гимназия №15"]
[44,"Шамсутдинов","Камиль","Ильшатович","м",null,10,10,4,8,"победитель",null,"Галеева Р.Д.","Татарская гимназия №15"]
[45,"Файзрахманов","Тимур","Анварович","м",null,10,10,0,8,"участник",null,"Галеева Р.Д.","Татарская гимназия №15"]
[46,"Гайнуллин","Эмиль","Фаидович","м",null,10,10,0,8,"участник",null,"Галеева Р.Д.","Татарская гимназия №15"]
[47,"Бекмеев","Багир","Ильмирович ","м",null,11,11,2,8,"участник",null,"Кириллова Е.А.","Татарская гимназия №15"]
[48,"Галяветдинов","Тагир","Фанисович","м",null,11,11,2,8,"участник",null,"Кириллова Е.А.","Татарская гимназия №15"]
[49,"Цой","Ксения","Владимировна ","ж",null,11,11,2,8,"участник",null,"Кириллова Е.А.","Татарская гимназия №15"]